000
00506nam a2200145Ia 4500
008
100204s9999 xx 000 0 und d
082
_b
19726
100
_a
पाठक सुरेश त्रं.
245
_a
अस्त अस्मितेचा
260
_b
"अश्वमेध प्रकाशन, डोंबिवली"
_c
1995
300
_a
255
630
_a
अस्त अस्मितेचा
730
_a
अस्त अस्मितेचा
942
_c
BOOK
999
_c
464148
_d
464145